Dizajn ako výtvarný artefakt

Saved in:
Bibliographic Details
Main Author: Kratochvílová, Linda (Author)
Other Authors: Lukáč, Milan (Thesis advisor)
Format: Manuscript Book
Language:Slovak
Published: Bratislava 2023
Subjects:
Online Access:http://is.stuba.sk/zp/portal_zp.pl?podrobnosti=170344
Tags: Add Tag
No Tags, Be the first to tag this record!

MARC

LEADER 00000ntm a22000003a 4500
001 stuzp94655
003 SK-STU
005 20231005075821.2
007 ta
008 150427s2015----xo-----f-mn---000-0-slo-d
040 |a STU  |b slo 
041 0 |a slo 
100 1 |a Kratochvílová, Linda  |u 059200  |4 aut  |U FAD Fakulta architektúry a dizajnu  |T FAD Ústav výtvarnej tvorby a multimédií  |X 93597  |U A9200  |Y 821  |7 93597 
242 0 1 |a Design as an artistic solitaire  |y eng 
245 1 0 |a Dizajn ako výtvarný artefakt 
260 |c 2023  |a Bratislava 
650 4 |a mestský mobiliár  |2 slo 
650 4 |a verejný priestor  |2 slo 
650 4 |a lavička  |2 slo 
650 4 |a výtvarný artefakt  |2 slo 
650 4 |a stojan na bicykel  |2 slo 
650 4 |a urban furniture  |2 eng 
650 4 |a art artifact  |2 eng 
650 4 |a bench  |2 eng 
650 4 |a bicycle stand  |2 eng 
650 4 |a urban space  |2 eng 
700 1 |a Lukáč, Milan  |u 059200  |k Z1  |4 ths  |U FAD Fakulta architektúry a dizajnu  |T FAD Ústav výtvarnej tvorby a multimédií  |X 432  |U A9200  |Y 821  |7 A000000432 
856 4 |u http://is.stuba.sk/zp/portal_zp.pl?podrobnosti=170344  |u https://opac.crzp.sk/?fn=detailBiblioForm&sid=1755732D0F093F4379A535EAC795